000 00607nam a22001697a 4500
003 macl
005 20160406162034.0
008 150611b xxu||||| |||| 00| 0 eng d
040 _cmacl
041 _aHindi
082 _a320
100 _aकाश्‍यप,सुभाष
_9204
245 _aहमारा संविधान
_bभारत का संविधान और सवैधानिक विधि
260 _aदिल्‍ली
_bराष्‍ट्रीय पुस्‍तक न्‍यास
_c2015
650 _aसंविधान
_9205
942 _2ddc
_cHIN
999 _c49835
_d49835